| 000 | 00464nam a22001817a 4500 | ||
|---|---|---|---|
| 003 | CEME | ||
| 005 | 20210628202511.0 | ||
| 008 | 210122b xxu||||| |||| 00| 0 eng d | ||
| 020 | _a0-07-143678-2 | ||
| 040 | _c. | ||
| 082 | _a629.892 WIS | ||
| 100 |
_aWise, Edwin _960180 |
||
| 245 | _aRobotics demystified a self teaching guide | ||
| 260 |
_aNEW YORK _bMCGRAW HILL _c2005 |
||
| 300 | _aXVI,313 P | ||
| 650 |
_aROBOTICS DEMYSTIFIED _960181 |
||
| 942 |
_cBK _2ddc |
||
| 999 |
_c569978 _d569978 |
||